| 000 | 00707nam a22002057a 4500 | ||
|---|---|---|---|
| 005 | 20250328090015.0 | ||
| 008 | 250328b |||||||| |||| 00| 0 eng d | ||
| 020 | _a9781032963624 | ||
| 040 | _cAIMIT LIBRARY | ||
| 082 |
_21 _a658.802 _bEVAB |
||
| 100 |
_aEvans, Brian J. _9207137 |
||
| 245 |
_aSimple guide to technology and analytics / _cBy Brian J Evans. |
||
| 250 | _a1st ed. | ||
| 260 |
_aNew York : _bCRC Press , _c2025. |
||
| 300 |
_axxxvi,287p. ; _bPB _c24.4 cm |
||
| 650 |
_aPattern recognition and its application _9207138 |
||
| 650 |
_aAverage track and prediction of future location _9207139 |
||
| 650 |
_aTrack prediction in sports and industry _9207140 |
||
| 942 |
_2ddc _cBK _e1st _k658.802 EVAB |
||
| 999 |
_c234047 _d234047 |
||